[Event "Las Palmas"]
[Site "Las Palmas"]
[Date "1994.??.??"]
[Round "4"]
[White "Epishin, Vladimir"]
[Black "Adams, Michael"]
[Result "0-1"]
[WhiteElo "2675"]
[BlackElo "2660"]
[Annotator "Stohl,I"]
[PlyCount "132"]
[EventDate "1994.05.??"]
[EventType "tourn"]
[EventRounds "9"]
[EventCountry "ESP"]
[EventCategory "17"]
[SourceTitle "CBM 042"]
[Source "ChessBase"]
[SourceDate "1994.10.01"]
[SourceVersion "1"]
[SourceVersionDate "1994.10.01"]
[SourceQuality "1"]

1. d4 {Hecht} d6 2. e4 Nf6 3. Nc3 g6 4. Nf3 Bg7 5. Be2 O-O 6. O-O Bg4 7. Be3
Nc6 8. d5 Bxf3 9. Bxf3 Ne5 10. Be2 c6 11. a4 (11. f4 Ned7 12. Kh1 a6 13. a4 Qa5
14. Ra3 Rfc8 15. Bf3 cxd5 16. exd5 Rc4 17. Re1 h5 18. Bd2 Bh6 19. g3 Re8 20.
Qe2 Qc7 $132 {Kochyev,A-Rustemov,A/St.Petersburg op/1994/}) 11... Qa5 (11... a5
$5 12. Ra3 (12. Bd4 Ned7 13. Qd2 Qc7 14. Rad1 Rac8 15. Rfe1 Rfd8 16. g3 Ne8 $1
17. f4 (17. Be3 $2 Bxc3 $36) 17... Bxd4+ 18. Qxd4 Qb6 19. Qxb6 {0,5/Rozentalis,
E-Ftacnik,L/Manila olm/1992/}) (12. f4 Ned7 13. Bf3 Nb6 14. Qe2 Nfd7 $1 15. Kh1
Qc7 16. Rfd1 {Morovic,I-Seirawan,Y/Novi Sad olm/1990/} Rae8 $5 {/\e6}) 12...
Qc7 13. Rb3 (13. Bd4 Ned7 14. Qd2 Rad8 (14... Rac8 $142 $5) 15. Raa1 Nb6 16.
Rad1 e6 (16... e5 $5 17. dxe6 fxe6 $13) 17. Qe3 $1 Nbd7 18. dxe6 fxe6 19. Qh3
Rde8 20. Qg3 e5 21. Be3 Kh8 22. Rd2 Nb6 23. b3 Rd8 24. Bg5 $14 {Savon,
V-Chatalbashev,B/Anapa/1991/}) 13... Ned7 14. f3 Rfd8 15. Qd2 Nc5 16. Ra3 e6 (
16... Nfd7 $5 {/\Nb6<=>}) 17. Bd4 exd5 18. exd5 Qb6 19. Kh1 Nxd5 20. Nxd5 cxd5
21. Bxg7 Kxg7 22. Qd4+ Kg8 23. Bb5 $14 {Rozentalis,E-Nascimento,A/Manila olm/
1992/}) 12. Ra3 Rfc8 13. Qd2 (13. Rb3 Rab8 14. Qd4 a6 (14... Nfd7 $5) 15. Qb6
Qxb6 16. Bxb6 Nfd7 17. Ba7 Nc5 $1 18. Ra3 (18. Bxb8 Nxb3 19. Bxd6 exd6 20. cxb3
cxd5 21. exd5 Nd7 $44) 18... Ra8 19. Bxc5 dxc5 20. f4 Nd7 21. Bg4 Bd4+ 22. Kh1
Rc7 23. dxc6 bxc6 24. Nd1 c4 25. Be2 Rb7 26. c3 Bc5 27. Ra1 a5 28. Bxc4 Nf6 $44
{Hellers,F-Schlosser,M/Adelaide WchJ/1988/}) 13... cxd5 $5 (13... Ned7 14. Rb1
$5 (14. f4 cxd5 15. exd5 Nb6 16. Rb3 Nc4 $1 17. Bxc4 Rxc4 18. Rxb7 Ng4 19. Kh1
Qa6 20. Rb5 Rxa4 $1 21. Rb1 Nxe3 22. Qxe3 Bxc3 23. bxc3 Qxb5 24. Rxb5 Ra1+ 25.
Qg1 Rxg1+ 26. Kxg1 Rc8 $17 {ק_|_,Bogaerts,J-McNab,C/Ostende op/1991/}) 14...
a6 15. f3 h5 $6 16. Kh1 Kh7 17. Rb3 cxd5 18. exd5 Nc5 19. Ra3 $36 Qb4 $6 20. a5
$1 Ng8 21. Qd1 Nh6 22. g3 Nf5 23. Bg1 Bxc3 $8 24. Rxc3 $16 {Gavrikov,V-Maki,V/
Leningrad/1984/}) 14. exd5 Nfd7 $6 (14... Nc4 15. Bxc4 Rxc4 16. Rb3 Qc7 $10 {
<=><->c}) 15. Rb3 Qc7 16. Rc1 $1 {/\Nb5} a6 17. Rb4 Nc5 18. Bh6 Bh8 $8 (18...
Bxh6 $2 19. Qxh6 {/\Rh4->}) 19. Bf1 Qa5 20. Rh4 Ncd7 21. Re1 Qb6 22. Nd1 Nf6
23. h3 (23. a5 $5 Qc5 24. Ne3 $36 {/\c4,b4,h3,f4}) 23... Qc5 24. c4 a5 $5 25.
Be3 (25. b3 $5 Qb6 (25... Qb4 26. Qxb4 axb4 27. Bd2 $16) 26. Qa2 $14 {/\Nc3-b5
()}) (25. Nc3 Qb4 {><c4}) 25... Qb4 $1 (25... Qc7 26. Nc3 $36) 26. Qxb4 axb4
27. b3 Ned7 {<=>><b3} 28. Bd2 Nc5 29. Re3 e6 $1 30. Bxb4 g5 (30... exd5 31. Rd4
$5 $36 {_|_^^}) 31. Bxc5 $8 gxh4 32. Bxd6 exd5 33. cxd5 Rd8 34. Ba3 (34. Be7 $2
Nxd5 $17) 34... Nxd5 35. Rf3 Bf6 36. Bc4 (36. g3 $5 Be7 37. Bb2 $44) 36... Kg7
37. Nb2 Nb6 38. Bd3 Rac8 {/\Rc3} 39. Nc4 $6 (39. Nd1 Nd5 40. g3 {/\} Nc3 41.
Nb2 $5 $15) 39... Nxc4 40. Bxc4 (40. bxc4 Ra8 41. Bc2 Rd2 $19) 40... Rd1+ 41.
Kh2 Be5+ 42. g3 hxg3+ 43. fxg3 Rd2+ 44. Kg1 f6 $19 {עg1,->} 45. Bb4 Rb2 46.
Bc3 Bxc3 47. Rxc3 Rd8 48. Bd3 Re8 {/\Re3} 49. Bf1 Re1 50. h4 b6 51. g4 h6 52.
Rc7+ Kf8 53. Rc6 Ke7 54. Rc7+ Kd6 55. Rc3 Ke5 56. Rf3 Re4 57. Bh3 Rb1+ (57...
Re1+ 58. Bf1 Reb1 $19) 58. Kh2 Re2+ 59. Bg2 $8 Rbb2 60. Rg3 Kf4 61. g5 (61. h5
Rec2 $22) 61... fxg5 62. hxg5 hxg5 63. Rf3+ Ke5 64. Rg3 Kd4 65. b4 (65. Rxg5
Rxg2+ 66. Rxg2 Rxg2+ 67. Kxg2 Kc3 68. Kf3 (68. Kf2 {Hecht} Kxb3 69. a5 bxa5 70.
Ke2 Kc2 $19) 68... Kxb3 $18) 65... Rxb4 66. Rxg5 (66. Rg4+ Kc3 67. Rxg5 Rbb2
$19) 66... Rbb2 {/\Rg2-+} (66... Rbb2 {Hecht} 67. Kh3 Rxg2 $19) 0-1

[Event "Hamburg SKA"]
[Site "Hamburg"]
[Date "1991.07.10"]
[Round "12"]
[White "Kindermann, Stefan"]
[Black "Piket, Jeroen"]
[Result "1/2-1/2"]
[WhiteElo "2515"]
[BlackElo "2550"]
[Annotator "Stohl,I"]
[PlyCount "65"]
[EventDate "1991.06.27"]
[EventType "tourn"]
[EventRounds "13"]
[EventCountry "GER"]
[EventCategory "11"]
[SourceTitle "CBM 024"]
[Source "ChessBase"]
[SourceDate "1991.10.01"]
[SourceVersion "1"]
[SourceVersionDate "1991.10.01"]
[SourceQuality "1"]

1. e4 d6 2. d4 Nf6 3. Nc3 g6 4. Nf3 Bg7 5. Be2 O-O 6. O-O c6 7. a4 (7. h3 Nbd7
8. e5 (8. Bf4 Qa5 $5 {/\e5}) 8... Ne8 9. Re1 dxe5 10. dxe5 Nc7 11. Bf1 Ne6 12.
a4 Qc7 13. Qe2 a5 14. b3 b6 15. Qe3 Ba6 16. Bxa6 Rxa6 17. Bb2 Raa8 $10 {
Stohl,I-Gelfand,B,Dortmund-A 1990-CBM 18}) 7... Nbd7 8. h3 (8. Bf4 $5 Qc7 9.
Qd2 e5 10. Bh6 Bxh6 11. Qxh6 Qb6 $6 12. a5 Qxb2 13. Qd2 exd4 14. Na4 Nxe4 15.
Qd3 Qb4 16. Qxe4 $16 {Blatny,P-Stangl,M,Oakham 1990-EXP 16}) 8... e5 (8... Qc7
9. Be3 b6 $5 10. Nd2 e5 11. f4 (11. dxe5 Nxe5 12. f4 Ned7 13. Nc4 d5 $1 14.
exd5 cxd5 15. Nxd5 Nxd5 16. Qxd5 Ba6 $146 {Short,N-Ftacnik,L,Novi Sad olm 1990}
) 11... exd4 12. Bxd4 Bb7 13. Bf2 Rfe8 14. Bf3 Nc5 15. Re1 Rad8 16. Qc1 h6 17.
Nb3 Nxb3 18. cxb3 c5 $10 {Campora,D-Spraggett,K,Biel-B 1990-CBM 19}) 9. Be3 Qe7
(9... exd4 $5 10. Bxd4 (10. Nxd4 Re8 $10) 10... Re8 11. Nd2 $6 Nc5 12. Bf3 Ne6
13. Be3 d5 14. exd5 Nxd5 15. Nxd5 cxd5 16. c3 d4 17. cxd4 Nxd4 $15 {Vatter,
HJ-Tseshkovsky,V,Kusadasi op 1990}) 10. Re1 a5 (10... exd4 11. Bxd4 Nxe4 12.
Bxg7 Kxg7 13. Qd4+ Nef6 (13... Ndf6 14. Bc4 d5 15. Nxe4 dxe4 16. Ng5 $40) 14.
Bf1 Qd8 15. Qxd6 $36) 11. Bc4 h6 (11... exd4 $5 12. Bxd4 Ne5 13. Nxe5 dxe5 $10)
12. Qd2 Kh7 13. Rad1 $14 Ne8 14. Ba2 f5 (14... Ndf6 15. dxe5 dxe5 16. Qd8 $16)
15. exf5 gxf5 (15... Rxf5 16. dxe5 Nxe5 17. Nd4 $16) 16. dxe5 dxe5 (16... Nxe5
17. Nd4 {><f5>>}) 17. Bd4 $1 e4 $8 18. Bxg7 Nxg7 (18... Qxg7 $6 19. Nd4 {/\Ne6}
) 19. Nd4 Qf6 (19... Ne5 $142 $5 20. Nde2 $5 $14 (20. f3 exf3 21. Nxf3 (21. Qf4
Re8 22. gxf3 Nh5 $36) 21... Nxf3+ 22. gxf3 Qh4 $132)) 20. f3 Ne5 $5 (20... exf3
21. Nxf3 $16) 21. fxe4 f4 22. Rf1 Nh5 23. Nf3 {/\Qd6} Ng3 24. Rf2 Nxf3+ 25.
Rxf3 Qg5 26. Kh2 (26. Ne2 $5 Nxe4 (26... Qc5+ 27. Kh2 Nxe4 28. Qd4 Qxc2 29. Bb1
$40) 27. Qd4 Bf5 28. Qb6 $16 {/\} Bxh3 $2 29. Rxh3 f3 30. Qxb7+ Kh8 31. Rxf3
$18) (26. Qd6 $2 Bxh3 27. gxh3 Nf5+ $19) 26... Bg4 $6 (26... h5 $16) 27. hxg4
Rad8 28. Qe1 $2 (28. Rd3 $1 Qh4+ 29. Kg1 f3 30. gxf3 $8 (30. Rxd8 $2 f2+ 31.
Qxf2 Qh1#) 30... Qh1+ 31. Kf2 Rxf3+ 32. Rxf3 Rxd2+ 33. Rxd2 $18) 28... Qh4+ 29.
Kg1 Qh1+ 30. Kf2 Qh4 $10 31. Kg1 (31. Rxd8 Rxd8 32. Rxf4 $6 Nh5+ $17) 31...
Qh1+ 32. Kf2 Qh4 33. Kg1 {Stohl,I} 1/2-1/2

[Event "URS-chT Republics 19th Group1"]
[Site "Azov"]
[Date "1991.??.??"]
[Round "4"]
[White "Kovalev, Andrei"]
[Black "Kantsler, Boris"]
[Result "1-0"]
[WhiteElo "2550"]
[BlackElo "2430"]
[Annotator "Stohl,I"]
[PlyCount "61"]
[EventDate "1991.??.??"]
[EventType "team-tourn"]
[EventRounds "5"]
[EventCountry "URS"]
[SourceTitle "EXT 2020"]
[Source "ChessBase"]
[SourceDate "2019.10.17"]
[SourceVersion "1"]
[SourceVersionDate "2019.10.17"]
[SourceQuality "1"]
[WhiteTeam "Belarus"]
[BlackTeam "Kirgizia"]
[WhiteTeamCountry "BLR"]
[BlackTeamCountry "KGZ"]

1. e4 g6 2. d4 Bg7 3. Nf3 d6 4. h3 Nf6 5. Nc3 O-O (5... c6 6. Be3 Qa5 $5 7. Bd3
Nbd7 8. O-O e5 9. dxe5 dxe5 10. Qd2 O-O 11. Nd5 Qd8 12. Nxf6+ Nxf6 13. Rfd1 Qc7
14. Bh6 Re8 $10 {Anand,V-Azmaiparashvili,Z,Groningen 1989-CBM 16}) 6. Bf4 $5 (
6. Bg5 c6 (6... d5 $6 7. Bxf6 (7. Bd3 c5 $1 8. dxc5 dxe4 9. Nxe4 Nxe4 10. Bxe4
Bxb2 11. O-O Qc7 12. Rb1 Bg7 $15 {Crawley,G-McNab,C,Barnsdale YM 1989-TD89_14})
7... exf6 8. exd5 $5 $14) 7. Qd2 b5 8. a3 Qc7 9. Bd3 (9. e5 dxe5 10. dxe5 Rd8
$13 {/\Nd5}) 9... Nbd7 10. O-O a6 {Seltzer,R-Ehlvest,J,New York op 1990-EXP 16}
11. Rfe1 e5 $10) (6. Be3 d5 $6 (6... a6 $142) 7. e5 Ne4 8. Bd3 Nxc3 9. bxc3 c5
10. O-O Nc6 11. Qd2 Qa5 12. Rfb1 a6 13. a4 Rb8 14. Qc1 Be6 15. Qb2 c4 16. Be2
Qc7 17. Qb6 $14 {Larsen,B-Wolff,P,London WFW 1990-CBM 18}) 6... Nc6 $1 7. Be2 (
7. d5 e5 $1 8. Be3 Ne7 $13) 7... Nd7 8. Qd2 (8. d5 Nce5 {/\c6<=>}) 8... e5 (
8... Nxd4 $5 9. Nxd4 Bxd4 10. Qxd4 e5 11. Qd2 (11. Bxe5 dxe5 12. Qd2 c6 $10)
11... exf4 12. Qxf4 Nf6 13. O-O-O Qe7 14. g4 Be6 $132) 9. Bg5 f6 $6 (9... Bf6
$5 10. Bxf6 (10. Bh6 exd4 11. Nd5 Re8 $15) 10... Nxf6 11. d5 Ne7 $132) 10. Be3
$14 f5 $6 (10... Nb6 $142 {/\Qe7,f5}) 11. exf5 gxf5 12. Bg5 $1 (12. dxe5 dxe5
13. Bg5 Nf6 $13) 12... Nf6 (12... Qe8 $2 13. Nd5 $16) (12... Bf6 13. dxe5 $16)
13. O-O-O $16 exd4 14. Bc4+ (14. Nxd4 $16) 14... Kh8 15. Nxd4 Nxd4 (15... Ne5
$5 16. Be6 c5 17. Nxf5 $1 Bxe6 18. Nxg7 Kxg7 19. Bh6+ Kf7 20. Bxf8 Qxf8 21.
Qxd6 $16) 16. Qxd4 Qe8 17. Qh4 Qg6 18. Ne2 $1 Ne4 19. Be3 Bd7 (19... c6 20. Nf4
Qf6 (20... Qh6 21. Qxh6 Bxh6 22. f3 Nf2 (22... Bxf4 23. Bxf4 Nf2 24. Rxd6 $18 {
/\Be5}) 23. Rxd6 Nxh1 24. Rxh6 $18 {->} Kg7 25. Rd6 $18) 21. Qxf6 Bxf6 22. Nh5
$16) 20. Nf4 Qf6 21. Qxf6 Nxf6 (21... Bxf6 22. Nd5 $16) 22. g4 $1 $40 Ne4 $6 (
22... fxg4 $2 23. hxg4 {/\Ng6#}) (22... Rae8 $142 23. g5 Ne4 24. h4 $16) 23.
Be6 $1 Bxe6 $8 24. Nxe6 f4 (24... Rf7 25. f3 Nf6 26. Bd4 $18) 25. Bd4 (25. Nxf8
$2 fxe3 $17) 25... Bxd4 26. Rxd4 Nxf2 $8 27. Rf1 Nxh3 $8 (27... Rf6 28. Nxc7
Rc8 29. Nd5 $18) 28. Rd3 $1 Rf6 (28... f3 29. Nxf8 Rxf8 30. Rfxf3 $18) 29. Nxc7
Rc8 30. Nd5 Rh6 $8 31. Ne7 (31. Ne7 Re8 32. Nf5 {/\Rh3 [Stohl]}) 1-0

[Event "Altensteig"]
[Site "Altensteig"]
[Date "1995.??.??"]
[Round "10"]
[White "Hracek, Zbynek"]
[Black "Hickl, Joerg"]
[Result "1-0"]
[WhiteElo "2635"]
[BlackElo "2570"]
[Annotator "Stohl,I"]
[PlyCount "93"]
[EventDate "1995.08.??"]
[EventType "tourn"]
[EventRounds "11"]
[EventCountry "GER"]
[EventCategory "12"]
[SourceTitle "CBM 049"]
[Source "ChessBase"]
[SourceDate "1995.12.01"]
[SourceVersion "1"]
[SourceVersionDate "1995.12.01"]
[SourceQuality "1"]

1. e4 d6 2. d4 g6 3. Nc3 Bg7 4. Nf3 c6 5. Be2 Nf6 6. O-O O-O 7. h3 (7. Bf4 Nbd7
8. Qd2 b5 9. e5 dxe5 10. dxe5 Nh5 11. Bh6 Nxe5 12. Qxd8 Rxd8 13. Bxg7 Nxf3+ 14.
Bxf3 Kxg7 15. Bxc6 Rb8 16. Bxb5 Bf5 17. Ba4 Rxb2 18. Bb3 Bxc2 19. Na4 Rxb3 20.
axb3 Bxb3 21. Nc5 Bd5 22. Rxa7 Nf4 23. f3 Rb8 24. Na4 e6 $44 {Hertneck,G-Belli,
M/Moscow olm/1994/}) (7. a4 Nbd7 8. Re1 e5 9. Bf1 Re8 10. d5 cxd5 11. exd5 a6
12. h3 b6 13. Nd2 Bb7 14. Nc4 Qc7 15. b3 Nc5 16. Be3 Rab8 17. Qd2 Nfe4 18. Nxe4
Nxe4 19. Qb4 Bxd5 20. Bxb6 Qc6 21. a5 Be6 22. Ne3 Nc5 23. Rad1 Bf8 $13 {
Kuczynski,R-Bologan,V/Debrecen EU-chT/1992/}) (7. Re1 Nbd7 8. Bf4 Qa5 9. Nd2
Qc7 10. d5 Nb6 11. Bf3 e5 12. dxe6 Bxe6 13. a4 a5 14. Be2 Nfd7 15. Nf3 Ne5 16.
Nd4 Bc4 17. Bxc4 Nexc4 18. b3 Ne5 19. Qd2 Nbd7 20. Bh6 Rfe8 21. Rad1 Bh8 22.
Nde2 Ng4 23. Qxd6 Qxd6 24. Rxd6 $16 {Brodskij,M-Korotylev,A/St.Petersburg op/
1993/}) 7... Nbd7 8. e5 {An important advance, as White can hope for an
advantage only if he prevents e5.} Nd5 $6 (8... dxe5 9. dxe5 Ne8 (9... Nd5 10.
Nxd5 cxd5 11. Bf4 Nc5 12. Qc1 b6 13. Rd1 Bb7 14. Bh6 $14 {Hracek,Z-Gavrilov,I/
Pardubice op/1995/}) 10. Re1 Nc7 11. Bf1 Ne6 12. b3 Qa5 13. Bd2 Qc7 14. Qe2 b6
15. Rad1 Bb7 16. Bc1 Rad8 17. Qe4 b5 18. Bb2 Qb8 19. Qe3 a6 20. h4 Rfe8 21. h5
Qa8 22. Ne4 c5 23. hxg6 hxg6 24. Nfg5 Nd4 25. e6 fxe6 26. Nxc5 Nxc5 27. Bxd4 {
1-0/Groszpeter,A-Stangl,M/Kecskemet/1990/}) (8... Ne8 $142 9. Bc4 Nc7 10. Bf4
Nb6 11. Bb3 a5 12. a4 Be6 13. Bxe6 Nxe6 14. Bg3 dxe5 15. Bxe5 Bxe5 16. dxe5
Qxd1 17. Rfxd1 Rfd8 18. Kf1 Kg7 19. b3 g5 20. g4 h5 21. Ne4 $10 {Joecks,
C-Smejkal,J/Bad Wörishofen/1988/}) 9. exd6 exd6 (9... Nxc3 $2 10. dxe7 Qxe7 11.
bxc3 $16) 10. Nxd5 cxd5 11. c3 $14 {[%csl Rd5,Rd6] White has a durable
advantage due to Black's compromised pawn strucrure.} Nb6 $6 {[%csl Rb6] פb6}
(11... h6 $142 $14 {[%cal Yd7f6] /\Nf6}) (11... Nf6 12. Bg5 {[%cal Yg5f6,Yd1b3,
Yf3e1,Ye1c2,Yc2e3,Ye2f3] /\Bf6,Qb3,Ne1-c2-e3.Bf3,><d5} Re8 13. Ne1 Qb6 14. Bxf6
Bxf6 15. Nd3 Bf5 16. Nb4 Bxd4 17. Bg4 Bxg4 18. hxg4 Bg7 19. Nxd5 Qc5 20. Qf3
Re5 21. Rad1 Rae8 22. b3 b5 23. g3 Re2 24. Kg2 h6 25. Rh1 Rxa2 26. Rxh6 $1 $16
{Petrushin,A-Dmitriev,I/RUS-chS Orel/1992/}) 12. Bg5 Qc7 (12... f6 13. Bf4 $14)
13. Qc1 Bf5 14. Nh2 $1 f6 15. Bf4 $1 {[%csl Rd6,Rg7] White avoids the exchange,
as his Bishop is a better piece.} (15. Bh6 $14) 15... Rae8 16. Re1 Bd7 (16...
Re7 17. Nf1 Rfe8 18. Ne3 Bd7 19. Bf3 Bc6 20. Rf1 $36 {[%cal Yc1c2,Yh3h5] /\Qc2,
h4-h5}) 17. Nf1 Bc6 18. Bd3 $1 {[%csl Rg6,Rh7] ׻} a6 19. Ng3 (19. Ne3 $142 $5
{[%cal Rh3h5] /\h4-h5->}) 19... Bb5 20. Bc2 Qd7 (20... Ba4 21. b3 (21. Bd3 Bb5)
21... Bb5 {-20...Qd7}) 21. b3 Qc7 $5 22. a4 Rxe1+ (22... Qxc3 $2 23. Bd2 $18 (
23. Rxe8 Bxe8 $10)) 23. Qxe1 Bd7 24. Bd3 Re8 (24... Rc8 25. Rc1 $16) 25. Qd2
Be6 26. h4 $1 Nd7 27. h5 f5 {Black further weakens the black squares.} (27...
Nf8 $142 28. Qc2 Bf7 $16) 28. hxg6 hxg6 29. Bh6 Nf6 $6 (29... Bf6 30. Nf1 Nf8
31. Nh2 Nh7 32. Nf3 {[%cal Ya1e1,Yf3g5] /\Re1,Ng5}) 30. Bxg7 Qxg7 31. f3 Nh7
32. Kf2 Qf6 33. Qf4 Qg5 (33... Rd8 34. Rh1 $40) 34. Ne2 Qxf4 (34... Bf7 35.
Qxg5 Nxg5 36. a5 $16 {[%cal Ra1a4,Ra4b4] /\Ra4-b4}) 35. Nxf4 Bf7 36. a5 Kg7 37.
Ra4 g5 38. Ne2 Bg6 39. Rb4 Re7 40. Rb6 Rd7 41. f4 $1 {[%csl Rf5,Rg6] ><f5,Bg6}
gxf4 (41... g4 42. Ng3 Kf6 43. c4 Ke6 (43... dxc4 44. bxc4 {[%cal Rc4c5] /\c5+-
}) 44. cxd5+ Kxd5 45. Nxf5 $18) 42. Nxf4 $18 Nf6 43. Kf3 Bh7 44. Ne6+ Kg8 (
44... Kf7 45. Ng5+ Kg6 46. Nxh7 Nxh7 47. g4 $18) 45. c4 $1 Bg6 46. c5 {[%csl
Ra6,Rb7] ><a6,b7} Ne4 (46... dxc5 47. Nxc5 Rf7 48. Rxb7 $18) 47. Bxa6 $1 (47.
Bxa6 Kf7 (47... bxa6 48. c6 Re7 49. c7 $18) 48. Bxb7 Kxe6 49. Bc8 $18 {[%csl
Ga5] o^a5}) 1-0

[Event "Jakarta"]
[Site "Jakarta"]
[Date "1996.??.??"]
[Round "?"]
[White "Handoko, Edhi"]
[Black "Hodgson, Julian M"]
[Result "1/2-1/2"]
[WhiteElo "2475"]
[BlackElo "2550"]
[Annotator "Stohl,I"]
[PlyCount "67"]
[EventDate "1996.08.28"]
[EventType "tourn"]
[EventRounds "11"]
[EventCountry "INA"]
[EventCategory "10"]
[SourceTitle "CBM 057"]
[Source "ChessBase"]
[SourceDate "1997.04.01"]
[SourceVersion "1"]
[SourceVersionDate "1997.04.01"]
[SourceQuality "1"]

1. e4 {King} d6 2. d4 Nf6 3. Nc3 g6 4. Nf3 Bg7 5. Be2 c5 $5 {A tricky idea.} ({
The point is after} 5... O-O 6. O-O c5 {apart from transposing into Benoni
lines with 7.d5 White can play} 7. dxc5 $5 dxc5 8. Be3 $14 {and it's not so
easy for Black to equalize in this nearly symmetrical position. By the move
order in the game Black avoids this possibility.}) 6. dxc5 {Tame, as it allows
Black to achieve an acceptable version of a Dragon Sicilian.} ({The most
principled try is certainly} 6. d5 $1 {But Benoni belongs to Hodgson's
repertoire and Handoko wanted to play as solid as possible.}) 6... Qa5 7. O-O (
7. Nd2 Qxc5 8. Nb3 Qc7 9. Be3 (9. e5 $6 dxe5 10. Nb5 Qd8 (10... Qc6 $142 $1 $15
) 11. Qxd8+ Kxd8 12. Be3 Nc6 13. O-O-O+ Bd7 14. Rd3 Kc8 15. Rhd1 b6 16. Bf3 Be8
17. Nd2 Kb7 18. a4 $44 {Novak,I-Gesos,P/Rimavska Sobota/1974/}) 9... a6 10. a4
b6 11. f4 Bb7 12. Bf3 Nbd7 13. O-O O-O {1/2,Psakhis,L-Davies,N/Protvino/1988/})
(7. cxd6 $5 Nxe4 8. O-O Nxc3 (8... Nxd6 $5 $11) 9. bxc3 e6 $6 (9... O-O $142
10. dxe7 Re8 $13) 10. Rb1 O-O 11. c4 Nd7 12. Nd4 Nb6 13. Nb5 Bd7 14. a3 Na4 15.
Bd2 Qd8 16. Bf3 Bc6 17. Rb4 Nc5 18. Bxc6 bxc6 19. Nc7 Rc8 20. Be3 Ne4 21. c5
Nc3 22. Qd3 Rxc7 23. dxc7 Qxc7 24. Bf4 Qa5 25. Bd6 Re8 26. Qf3 $16 {Rajkovic,
D-Damljanovic,B/JUG-chT Cetinje/1992/}) 7... Qxc5 8. Be3 (8. e5 dxe5 9. Nb5 Ng4
10. h3 e4 11. Nfd4 Nf6 12. Be3 Qe5 13. Nb3 Nc6 14. Qd2 O-O 15. Rad1 Nh5 16.
N3d4 Nd8 17. f4 exf3 18. Nxf3 Qg3 19. Bf2 Qf4 20. Be3 Qg3 21. Bf2 Qb8 22. Rfe1
Nc6 23. Bc4 Ne5 $17 {Uritzky,M-Lev,R/ISR-ch/1994/}) (8. Nd2 Be6 9. Nb3 Qc8 10.
Be3 Nc6 11. f3 O-O 12. Qd2 Re8 13. Nd5 Ne5 14. Nxf6+ Bxf6 15. Nd4 Nc4 16. Bxc4
Bxc4 17. Rfd1 Ba6 18. a4 Qd7 19. b3 d5 20. exd5 Qxd5 21. c4 Qh5 22. Rac1 $11 {
Schmied,A-Gulko,A/Reykjavik op/1996/}) 8... Qa5 ({Safer and more solid is the
retreat} 8... Qc7 {Black has a harmonius position, keeping still both options
of developing his Nb8 (to c6 or d7) open.} 9. h3 O-O 10. Re1 Nbd7 11. Nd4 a6
12. a4 e6 13. Nb3 b6 14. f4 Bb7 15. Bf3 Rac8 16. Qd2 Nc5 17. Nxc5 bxc5 18. Rad1
Rfd8 19. Qf2 d5 20. exd5 exd5 21. Bc1 d4 22. Ne2 Nd5 23. f5 Re8 $36 {Collinson,
A-Watson,W/Eastbourne ch-GB/1990/}) 9. Qd2 (9. Nd2 Nc6 (9... O-O 10. f4 Nbd7
11. g4 a6 12. g5 Ne8 13. a4 Qd8 14. Nc4 b6 15. Nd5 Rb8 16. f5 Nc5 17. Bd4 Bxd4+
18. Qxd4 e6 19. fxg6 $5 $13 {Wells,P-Watson,W/London WFW/1991/}) 10. Nc4 Qd8
11. f3 O-O 12. Qd2 Be6 13. Rfd1 Rc8 14. Bf2 Bxc4 15. Bxc4 Ne5 16. Bb3 a6 17.
Qe2 Qc7 18. Nd5 Nxd5 19. exd5 Nc4 20. c3 Be5 21. g3 b5 22. f4 Bf6 23. Bd4 Qd7
24. a4 Rfe8 25. axb5 axb5 $132 {Oliwa,M-Shilov,S/Katowice op/1995/}) (9. Nd4
O-O (9... a6 10. a4 Nc6 11. Nb3 Qc7 12. a5 Be6 13. Nd5 Bxd5 14. exd5 Ne5 15.
Bb6 Qc8 16. f4 Ned7 17. Bd4 O-O 18. c4 Nc5 19. Nxc5 dxc5 20. Bc3 Ne4 21. Bxg7
Kxg7 22. Bd3 Nf6 23. f5 Qc7 24. Qe2 b5 25. axb6 Qxb6 26. Rf2 Qd6 27. Re1 $14 {
Popov,S-Gulicovski,K/Kladovo ch-YU/1992/}) 10. Nb3 Qd8 11. f4 Nc6 12. Kh1 {
In this normal theoretical Sicilian Dragon position Black proceeds to play
rather helplessly.} Bd7 (12... a5 $5 $132) 13. g4 Rc8 14. g5 Ne8 15. f5 Na5 (
15... Ne5 $142) 16. Nxa5 Rxc3 17. bxc3 Qxa5 18. Qd3 Bc6 19. Kg1 Qxc3 20. Rab1
Qe5 21. Bf3 Nc7 22. Bg2 a5 23. Rf2 Nb5 24. c4 Nc3 25. f6 Nxe4 26. fxg7 Rc8 27.
Rff1 Nc5 28. Qd4 {1-0 Donaldson,J-Noble,B/Sands Reno/1992/}) 9... Nc6 10. h3
O-O 11. Bh6 {King: White forces the exchange of bishops to ensure that his
queenside will remain secure.} Be6 $146 (11... Bd7 12. a3 Rac8 13. Bxg7 Kxg7
14. Qe3 Qc5 15. Qxc5 dxc5 16. e5 $6 Nh5 17. Rfd1 Rfd8 18. Rd2 Nf4 19. Rad1 Be6
20. Bf1 Rxd2 21. Rxd2 Rd8 22. Rxd8 Nxd8 $17 {[%csl Re5] _|_><e5,Romanelli,
R-Dunnington,A/Cappelle la Grande op/1995/}) 12. Rfe1 (12. Bxg7 Kxg7 13. Ng5
Bd7 $11) 12... Rac8 13. a3 Ne5 $1 $11 14. Bxg7 (14. Nd4 Bxh6 15. Qxh6 Rxc3 $5
16. bxc3 Nxe4 $44) 14... Kxg7 15. Qe3 (15. Nd4 Bc4 16. f4 Ned7 $132 {<->c The
typical Sicilian pawn structure promises Black good counterplay on the
half-open c-file.} (16... Qb6 $5)) 15... Nxf3+ 16. Bxf3 Nd7 17. Rad1 Qb6 $1 {
Black exchanges Q and forces a pleasant endgame. But White has no weak points
and the position remains about equal.} 18. Qxb6 Nxb6 19. Be2 (19. e5 $142 $6
Nc4 $1 $36) 19... Rc5 (19... Nc4 20. Bxc4 Rxc4 21. Rd2 Rfc8 22. Ree2 $11) (
19... Bc4 20. Bd3 $11) 20. Bd3 Rfc8 21. f3 (21. f4 $6 g5 $1 $36 {[%csl Ge5]
Black gains control of the e5 square and gets additional chances.}) 21... a6
22. Rd2 g5 $1 23. Nd1 Nd7 24. Ne3 Ne5 25. Kf2 b5 26. Bf1 {White had two
symmetrical possibilities to get some active play.} (26. Ra1 $5 {[%cal Ra3a4] /
\a4<=>}) (26. Rh1 $5 {[%cal Rh3h4] /\h4<=>}) 26... h5 27. Ra1 Rb8 $5 (27... h4
28. a4 $132 {[%cal Ga1a8] <->a}) 28. b4 $6 {[%cal Rc5c2] Weakening the c-file.}
(28. g3 $142 $5 {[%cal Yf3f4] /\} Ng6 29. b4 Rc6 30. a4 $13) (28. a4 $6 bxa4
29. Rxa4 Rxb2 30. Rxa6 Bc4 $1 $36) 28... Rc3 $6 {The R is actively placed here,
but it's also exposed.} (28... Rc7 $142 29. a4 Bc4 $1 $15) 29. a4 g4 $6 (29...
Bc4 $2 30. Nd1 $16) (29... h4 $142 $13) 30. hxg4 hxg4 31. Nd1 $1 {[] Chases
away the dangerous R.} (31. f4 $2 g3+ $1 32. Ke2 Bc4+ 33. Nxc4 Nxc4 $17) 31...
Rc7 32. axb5 axb5 33. f4 Nc4 34. Rd4 $11 {[%csl Rc2,Rg4] The mutual weaknesses
on c2 and g4 hold the position in approximate balance.} (34. Rd4 Rbc8 $1 ({
A heavy positional mistake is} 34... f5 $2 35. exf5 Bxf5 36. Bxc4 bxc4 37. Ne3
$16) 35. Kg3 Bd7 $11) 1/2-1/2